[Event "Frankfurt Ch 2007"]
[Site "Ffm-Kalbach, LAZ"]
[Date "2007.05.21"]
[Round "4.60"]
[White "Greul, Thomas"]
[Black "Köroglu, Naim"]
[Result "1/2-1/2"]
[WhiteElo "1302"]
[BlackElo "1627"]
[PlyCount "39"]
[EventDate "2007.??.??"]

1. e4 c5 2. d4 cxd4 3. c3 dxc3 4. Nxc3 d6 5. Nf3 Nc6 6. Bc4 e6 7. O-O Be7 8.
Qe2 a6 9. Rd1 Qc7 10. Be3 Nf6 11. Rac1 O-O 12. Bb3 b5 13. Nd5 exd5 14. exd5 Nd4
15. Nxd4 Qd7 16. Bf4 Bb7 17. Nc6 Rfe8 18. Qd3 Rac8 19. Nxe7+ Qxe7 20. Rxc8
1/2-1/2

[Event "Frankfurt Ch 2007"]
[Site "Ffm-Kalbach, LAZ"]
[Date "2007.05.21"]
[Round "4.63"]
[White "Schirmer, Karl-Heinz"]
[Black "Krüger, Jens"]
[Result "0-1"]
[WhiteElo "1759"]
[BlackElo "1390"]
[PlyCount "84"]
[EventDate "2007.??.??"]

1. e4 d6 2. f4 g6 3. Nf3 Nc6 4. Bc4 Bg7 5. O-O Bg4 6. Bxf7+ Kxf7 7. Ng5+ Ke8 8.
Qxg4 Nf6 9. Qe6 Nd4 10. Qc4 c5 11. Na3 h6 12. Ne6 Nxe6 13. Qxe6 Qd7 14. Qc4 g5
15. f5 Ng4 16. c3 Be5 17. h3 Nh2 18. Re1 g4 19. d4 cxd4 20. cxd4 d5 21. Qd3
dxe4 22. Rxe4 Bd6 23. hxg4 Rg8 24. Qe2 h5 25. Nc4 Rxg4 26. Re6 Bc7 27. Be3 Qd5
28. Ne5 Bxe5 29. Rxe5 Nf3+ 30. Kf1 Nxe5 31. dxe5 Qxe5 32. Qf2 Qh2 33. Rc1 Qh1+
34. Ke2 Qxg2 35. Rg1 Qxf2+ 36. Bxf2 Rxg1 37. Bxg1 a6 38. Bd4 Rd8 39. Ke3 Kf7
40. Ke4 Rd6 41. Be3 e6 42. Bc5 exf5+ 0-1

[Event "Frankfurt Ch 2007"]
[Site "Ffm-Kalbach, LAZ"]
[Date "2007.05.21"]
[Round "4.64"]
[White "Bender, Manfred"]
[Black "Wich, Manuela"]
[Result "1-0"]
[WhiteElo "1830"]
[BlackElo "1378"]
[PlyCount "103"]
[EventDate "2007.??.??"]

1. Nf3 c5 2. g3 Nc6 3. Bg2 d5 4. d4 e6 5. O-O Nf6 6. c3 cxd4 7. cxd4 Be7 8. Nc3
a6 9. Bf4 Bd6 10. Qd2 Bxf4 11. Qxf4 O-O 12. Rac1 Ne7 13. Rc2 Ng6 14. Qd2 Bd7
15. Ne5 Rc8 16. e4 dxe4 17. Nxe4 Nxe4 18. Bxe4 Nxe5 19. dxe5 Bc6 20. Qxd8 Rfxd8
21. Rfc1 f5 22. Bxc6 bxc6 23. Rxc6 Rxc6 24. Rxc6 Rd1+ 25. Kg2 Rd2 26. Rxe6 Rxb2
27. Rxa6 Re2 28. e6 g5 29. Kf1 Re5 30. f3 h5 31. Kf2 Kf8 32. f4 gxf4 33. gxf4
Re4 34. Kg3 Ke7 35. h3 Rd4 36. Kh4 Rxf4+ 37. Kxh5 Kf6 38. e7+ Kxe7 39. Kg5 Rf1
40. h4 f4 41. Kg4 f3 42. Kg3 f2 43. Ra4 Kf6 44. Kg2 Rh1 45. Rf4+ Ke5 46. Kxh1
Kxf4 47. Kg2 f1=Q+ 48. Kxf1 Kg4 49. a4 Kxh4 50. a5 Kg5 51. a6 Kf6 52. a7 1-0

[Event "Frankfurt Ch 2007"]
[Site "Ffm-Kalbach, LAZ"]
[Date "2007.05.21"]
[Round "4.65"]
[White "Bachmann, Björn"]
[Black "Smith-Meyer, Geir"]
[Result "1/2-1/2"]
[WhiteElo "1463"]
[BlackElo "1640"]
[PlyCount "88"]
[EventDate "2007.??.??"]

1. e4 d5 2. exd5 Qxd5 3. Nc3 Qa5 4. d4 Nf6 5. Bd2 Qb6 6. Nf3 Bg4 7. Be2 Nbd7 8.
O-O c6 9. Bc1 e6 10. Rb1 Bd6 11. Be3 Qc7 12. h3 Bh5 13. a4 a5 14. Nh4 Bxe2 15.
Qxe2 Bh2+ 16. Kh1 Bf4 17. Nf3 Nd5 18. Nxd5 cxd5 19. Bxf4 Qxf4 20. Qb5 Qc7 21.
Ne5 Ke7 22. Nxd7 Qxd7 23. Qxd7+ Kxd7 24. f4 f6 25. b4 axb4 26. Rxb4 Ra7 27.
Rfb1 Kc7 28. Rb6 Re8 29. g3 e5 30. dxe5 fxe5 31. fxe5 Rxe5 32. R6b4 Re6 33. Kg1
b6 34. Kf2 Ra5 35. Re1 Rxe1 36. Kxe1 Rc5 37. Kd2 Rc6 38. Rf4 Rd6 39. Rf7+ Rd7
40. Rxd7+ Kxd7 41. Kd3 Kd6 42. Kd4 Kc6 43. c4 dxc4 44. Kxc4 Kd6 1/2-1/2

[Event "Frankfurt Ch 2007"]
[Site "Ffm-Kalbach, LAZ"]
[Date "2007.05.21"]
[Round "4.66"]
[White "Riha, Peter"]
[Black "Plötz, Hans-Jürgen"]
[Result "1-0"]
[WhiteElo "1823"]
[BlackElo "1358"]
[PlyCount "95"]
[EventDate "2007.??.??"]

1. d4 Nf6 2. c4 d6 3. Nc3 c6 4. e4 Qa5 5. Bd3 e5 6. d5 Nbd7 7. Bd2 Qb6 8. b4
Be7 9. Rb1 cxd5 10. Nxd5 Nxd5 11. cxd5 Nf6 12. h3 Qd4 13. Bb5+ Nd7 14. Qf3 O-O
15. Ne2 Qb6 16. Bd3 Nf6 17. O-O Bd7 18. Be3 Qd8 19. Rfc1 a6 20. Nc3 b5 21. Qd1
a5 22. bxa5 Rxa5 23. Rb2 Qa8 24. Qe2 Rb8 25. Rcb1 Bf8 26. Bxb5 Bxb5 27. Rxb5
Rbxb5 28. Rxb5 Rxb5 29. Qxb5 Qc8 30. Qc6 Qb8 31. Bb6 h6 32. a4 Be7 33. a5 Bd8
34. Bxd8 Qxd8 35. a6 Qa5 36. Qb7 Qxc3 37. a7 Qe1+ 38. Kh2 Qxf2 39. a8=Q+ Kh7
40. Qb1 Qf4+ 41. Kh1 Nxe4 42. Qa3 g6 43. Qf3 Nf2+ 44. Kg1 Nxh3+ 45. Qxh3 Qd4+
46. Kh2 Qxd5 47. Qf3 Qe6 48. Qbb3 1-0

[Event "Frankfurt Ch 2007"]
[Site "Ffm-Kalbach, LAZ"]
[Date "2007.05.21"]
[Round "4.68"]
[White "Scheerer, Michael"]
[Black "Lewien, Frank"]
[Result "1/2-1/2"]
[WhiteElo "1398"]
[BlackElo "1435"]
[PlyCount "77"]
[EventDate "2007.??.??"]

1. e4 d5 2. exd5 Qxd5 3. Nc3 Qa5 4. Nf3 Nf6 5. d3 Bf5 6. Be2 e6 7. O-O Bd6 8.
Bg5 Nbd7 9. Qd2 O-O 10. Ne4 Bb4 11. c3 Be7 12. Nxf6+ Bxf6 13. Bxf6 Nxf6 14. Nd4
Rad8 15. Nxf5 Qxf5 16. Qe3 c5 17. Rad1 b6 18. Bf3 Nd5 19. Bxd5 Rxd5 20. Qe4 Qf6
21. Rd2 Rfd8 22. Rfd1 h5 23. f4 h4 24. g4 hxg3 25. hxg3 Qf5 26. Qxf5 Rxf5 27.
Kg2 g6 28. d4 Rfd5 29. g4 Kg7 30. Kf3 Kf6 31. Ke4 g5 32. fxg5+ Kxg5 33. Rf1 f5+
34. gxf5 exf5+ 35. Ke3 Re8+ 36. Kf3 Re4 37. Rfd1 Rf4+ 38. Ke3 Re4+ 39. Kf3
1/2-1/2

[Event "Frankfurt Ch 2007"]
[Site "Ffm-Kalbach, LAZ"]
[Date "2007.05.21"]
[Round "4.69"]
[White "Schellen, Sven"]
[Black "Evertz, Wolfgang"]
[Result "0-1"]
[WhiteElo "1534"]
[BlackElo "1150"]
[PlyCount "84"]
[EventDate "2007.??.??"]

1. d4 d5 2. c4 Nf6 3. cxd5 Qxd5 4. Nc3 Qa5 5. Bd2 c6 6. e3 Bf5 7. Bc4 e6 8. e4
Bg6 9. e5 Nfd7 10. h4 h5 11. Qb3 Bb4 12. Bxe6 O-O 13. Bxd7 Nxd7 14. a3 c5 15.
dxc5 Nxc5 16. Qd1 Nd3+ 17. Kf1 Bxc3 18. Bxc3 Qa6 19. Ne2 Rad8 20. Qd2 Rfe8 21.
Qe3 f6 22. f4 fxe5 23. fxe5 Rf8+ 24. Kg1 Qc6 25. Nd4 Qd5 26. Qg3 Nxe5 27. Nc2
Qc5+ 28. Ne3 Ng4 29. Re1 Rf7 30. Rh3 Be4 31. Bb4 Qd4 32. Bc3 Qc5 33. b4 Qxc3
34. Nxg4 Qd4+ 35. Nf2 Rdf8 36. Re2 Qa1+ 37. Kh2 Rxf2 38. Rxe4 Rf1 39. Qb3+ Kh8
40. Rhe3 Rh1+ 41. Kg3 Qf6 42. Qe6 Qf2# 0-1

[Event "Frankfurt Ch 2007"]
[Site "Ffm-Kalbach, LAZ"]
[Date "2007.05.21"]
[Round "4.70"]
[White "Ludwig, Helmut"]
[Black "Breitbach, Stephan"]
[Result "1-0"]
[WhiteElo "1480"]
[BlackElo "1334"]
[PlyCount "59"]
[EventDate "2007.??.??"]

1. d4 d5 2. c4 e6 3. Nf3 c6 4. g3 Nf6 5. Bg2 Nbd7 6. Qc2 Bb4+ 7. Bd2 Qa5 8. O-O
Ne4 9. Bxb4 Qxb4 10. c5 a5 11. Nbd2 Ndf6 12. a3 Qb5 13. Rfe1 O-O 14. e3 Qa6 15.
Ne5 Nxd2 16. Qxd2 Nd7 17. Bf1 b5 18. Nf3 a4 19. Qc2 Re8 20. Bd3 g6 21. e4 dxe4
22. Bxe4 e5 23. Qc3 exd4 24. Qxd4 Nf8 25. Ne5 Ne6 26. Qd6 Bb7 27. Nxc6 Bxc6 28.
Qxc6 Rec8 29. Qxa6 Rxa6 30. Bb7 1-0

[Event "Frankfurt Ch 2007"]
[Site "Ffm-Kalbach, LAZ"]
[Date "2007.05.21"]
[Round "4.71"]
[White "Lehmann, Gerit"]
[Black "Krüger, Manfred"]
[Result "1-0"]
[WhiteElo "1443"]
[BlackElo "1180"]
[PlyCount "97"]
[EventDate "2007.??.??"]

1. c4 Nf6 2. Nc3 e6 3. d3 d5 4. cxd5 exd5 5. Bg5 Be7 6. e3 O-O 7. Nf3 c6 8. Be2
b5 9. a3 a5 10. O-O Nbd7 11. d4 Bb7 12. Na2 b4 13. axb4 axb4 14. Qb3 Qb6 15.
Ne5 Rfe8 16. Nxd7 Nxd7 17. Bxe7 Rxe7 18. Qxb4 Qxb4 19. Nxb4 Ree8 20. Rfc1 Rxa1
21. Rxa1 Ra8 22. Rxa8+ Bxa8 23. Ba6 Nb6 24. b3 Nd7 25. Bc8 Nb6 26. Ba6 Kf8 27.
Nd3 Ke7 28. Nc5 Kd6 29. Bb7 Kc7 30. Bxa8 Nxa8 31. f3 Kb6 32. Kf2 Nc7 33. Ke2
Ne6 34. Nxe6 fxe6 35. Kd3 Kb5 36. Kc3 c5 37. dxc5 Kxc5 38. b4+ Kd6 39. Kb3 e5
40. Kc3 Kc6 41. f4 exf4 42. exf4 Kd6 43. Kd4 Kc6 44. b5+ Kd6 45. b6 g6 46. b7
Kc7 47. b8=Q+ Kxb8 48. Kxd5 Kc8 49. Ke6 1-0

[Event "Frankfurt Ch 2007"]
[Site "Ffm-Kalbach, LAZ"]
[Date "2007.05.21"]
[Round "4.72"]
[White "Adair, Monte"]
[Black "Liebert, Monika"]
[Result "1-0"]
[WhiteElo "1412"]
[BlackElo "1053"]
[PlyCount "87"]
[EventDate "2007.??.??"]

1. e4 e5 2. Nf3 d6 3. Bc4 Nc6 4. O-O h6 5. d3 Nf6 6. Be3 Bg4 7. Nbd2 Be7 8. c3
O-O 9. Qc2 Kh8 10. h3 Bd7 11. Qb3 Na5 12. Qd1 b5 13. Bb3 c5 14. Bc2 Nc6 15. Nh2
a5 16. f4 Nh7 17. f5 Bg5 18. Qe1 Bf4 19. Rf3 Ng5 20. Rf1 Nh7 21. Ndf3 g5 22.
Bd1 Be8 23. Ng4 f6 24. Nxh6 Kg7 25. Ng4 Bh5 26. Ngh2 Qe7 27. Nxg5 Bxd1 28. Ne6+
Kh8 29. Nxf8 Rxf8 30. Rxd1 Bxh2+ 31. Kxh2 Nd8 32. Rf3 Kg8 33. Bh6 Rf7 34. Qe3
Ng5 35. Rg3 Kh7 36. Bxg5 fxg5 37. Qxg5 Qxg5 38. Rxg5 Rf6 39. Rf1 Nf7 40. Rg3
Kh6 41. h4 Kh5 42. Kh3 a4 43. Rg7 Nh6 44. Rg5# 1-0